MARC details
| 000 -LEADER |
| fixed length control field |
01742cam a2200445 a 4500 |
| 001 - CONTROL NUMBER |
| control field |
12393412 |
| 003 - CONTROL NUMBER IDENTIFIER |
| control field |
EG-ScBUE |
| 005 - DATE AND TIME OF LATEST TRANSACTION |
| control field |
20210221103817.0 |
| 008 - FIXED-LENGTH DATA ELEMENTS--GENERAL INFORMATION |
| fixed length control field |
010427r20112002nyu f 000 f eng d |
| 020 ## - INTERNATIONAL STANDARD BOOK NUMBER |
| International Standard Book Number |
0143120263 |
| 020 ## - INTERNATIONAL STANDARD BOOK NUMBER |
| International Standard Book Number |
9780143120261 |
| 040 ## - CATALOGING SOURCE |
| Original cataloging agency |
EG-ScBUE |
| Language of cataloging |
eng |
| Description conventions |
rda |
| Transcribing agency |
EG-ScBUE |
| Modifying agency |
EG-ScBUE |
| 043 ## - GEOGRAPHIC AREA CODE |
| Geographic area code |
n-us-sc |
| 082 04 - DEWEY DECIMAL CLASSIFICATION NUMBER |
| Classification number |
813.54 |
| Item number |
KID |
| Edition number |
22 |
| 100 1# - MAIN ENTRY--PERSONAL NAME |
| Personal name |
Kidd, Sue Monk, |
| Relator term |
author. |
| 9 (RLIN) |
34189 |
| 245 14 - TITLE STATEMENT |
| Title |
The secret life of bees / |
| Statement of responsibility, etc |
Sue Monk Kidd. |
| 246 34 - VARYING FORM OF TITLE |
| Title proper/short title |
Secret life of bees : |
| Remainder of title |
a novel |
| 250 ## - EDITION STATEMENT |
| Edition statement |
Tenth-anniversary edition. |
| 264 #1 - PUBLICATION, DISTRIBUTION, ETC. (IMPRINT) |
| Place of publication, distribution, etc |
New York, USA : |
| Name of publisher, distributor, etc |
Penguin Books, |
| Date of publication, distribution, etc |
2011. |
| 300 ## - PHYSICAL DESCRIPTION |
| Extent |
xii, 302 pages ; |
| Dimensions |
23 cm |
| 336 ## - CONTENT TYPE |
| Source |
rdacontent |
| Content type term |
text |
| Content type code |
txt |
| 337 ## - MEDIA TYPE |
| Source |
rdamedia |
| Media type term |
unmediated |
| Media type code |
n |
| 338 ## - CARRIER TYPE |
| Source |
rdacarrier |
| Carrier type term |
volume |
| Carrier type code |
nc |
| 500 ## - GENERAL NOTE |
| General note |
First published: New York : Viking, 2002.<br/> |
| 500 ## - GENERAL NOTE |
| General note |
With a new introduction by the author. |
| 650 #7 - SUBJECT ADDED ENTRY--TOPICAL TERM |
| Topical term or geographic name as entry element |
Teenage girls |
| Form subdivision |
Fiction. |
| Source of heading or term |
BUEsh |
| 9 (RLIN) |
34190 |
| 650 #7 - SUBJECT ADDED ENTRY--TOPICAL TERM |
| Topical term or geographic name as entry element |
African American women |
| Form subdivision |
Fiction. |
| Source of heading or term |
BUEsh |
| 9 (RLIN) |
21390 |
| 650 #7 - SUBJECT ADDED ENTRY--TOPICAL TERM |
| Topical term or geographic name as entry element |
Maternal deprivation |
| Form subdivision |
Fiction. |
| Source of heading or term |
BUEsh |
| 9 (RLIN) |
34191 |
| 650 #7 - SUBJECT ADDED ENTRY--TOPICAL TERM |
| Topical term or geographic name as entry element |
Race relations |
| Form subdivision |
Fiction. |
| Source of heading or term |
BUEsh |
| 9 (RLIN) |
34192 |
| 650 #7 - SUBJECT ADDED ENTRY--TOPICAL TERM |
| Topical term or geographic name as entry element |
Beekeepers |
| Form subdivision |
Fiction. |
| Source of heading or term |
BUEsh |
| 9 (RLIN) |
34193 |
| 650 #7 - SUBJECT ADDED ENTRY--TOPICAL TERM |
| Topical term or geographic name as entry element |
Sisters |
| Form subdivision |
Fiction. |
| Source of heading or term |
BUEsh |
| 9 (RLIN) |
34194 |
| 651 #7 - SUBJECT ADDED ENTRY--GEOGRAPHIC NAME |
| Geographic name |
South Carolina |
| Form subdivision |
Fiction. |
| Source of heading or term |
BUEsh |
| 9 (RLIN) |
34195 |
| 653 ## - INDEX TERM--UNCONTROLLED |
| Arrived date list |
October2013 |
| Resource For college |
Humanities: English |
| 655 #7 - INDEX TERM--GENRE/FORM |
| Genre/form data or focus term |
Bildungsromans. |
| Source of term |
gsafd |
| Form subdivision |
Reading book |
| 655 #7 - INDEX TERM--GENRE/FORM |
| Genre/form data or focus term |
Domestic fiction. |
| Source of term |
lcsh |
| Form subdivision |
Reading book |
| 856 41 - ELECTRONIC LOCATION AND ACCESS |
| Materials specified |
Sample text |
| Uniform Resource Identifier |
<a href="http://www.loc.gov/catdir/enhancements/fy0719/2001026310-s.html">http://www.loc.gov/catdir/enhancements/fy0719/2001026310-s.html</a> |
| 856 42 - ELECTRONIC LOCATION AND ACCESS |
| Materials specified |
Contributor biographical information |
| Uniform Resource Identifier |
<a href="http://www.loc.gov/catdir/enhancements/fy0719/2001026310-b.html">http://www.loc.gov/catdir/enhancements/fy0719/2001026310-b.html</a> |
| 856 42 - ELECTRONIC LOCATION AND ACCESS |
| Materials specified |
Publisher description |
| Uniform Resource Identifier |
<a href="http://www.loc.gov/catdir/enhancements/fy0719/2001026310-d.html">http://www.loc.gov/catdir/enhancements/fy0719/2001026310-d.html</a> |
| 942 ## - ADDED ENTRY ELEMENTS (KOHA) |
| Source of classification or shelving scheme |
Dewey Decimal Classification |
| Koha item type |
Book - Borrowing |